00483cam a22002051 4500001001300000003000400013005001700017008004100034010001700075035002000092040001800112042001200130050002100142100002100163245002600184260001700210300001800227500001500245999001700260sa 68002149 DLC20260227112440.0881028s1967 xx 000 0 benr  asa 68002149  a(OCoLC)23564395 aDLCcMiUdDLC apremarc00aPK1718.R2289bB51 aRahman, Shamsur.10aBidhvasta nĭlimā. a[n.p.c1967] a90 p.c21 cm. aRomanized. c78479d78479